Responses for show #6006 - Monday, October 25, 2010

Contestants

[<< previous game]

Pam Jones-Pigott, a farmers' market coordinator from Pflugerville, Texas

Reggie LaFond, a business analyst from Pittsburgh, Pennsylvania

Ari Stern, a mathematician from San Diego, California (whose 1-day cash winnings total $17,201)

[next game >>]

Jeopardy! Round responses

THE EXECUTOR BRANCH
BEST SPOKEN WORD GRAMMY
ODD PLACE NAMES
NONPOTENT POTABLES
CHOOSE YOUR WEAPON
A FEW"GUE"
    $200 21
Aaron Burr

Reggie
    $200 5
Hillary Rodham Clinton

Pam
    $200 25
Disco

Pam
    $200 8
V-8

Reggie
    $200 16
a knife

Pam
    $200 1
vague

Pam
    $400 22
Andrew Jackson

Reggie
    $400 6
George Burns

Triple Stumper
    $400 27
Bivalve

Pam
    $400 9
vodka

Ari
    $400 17
a machine gun

Ari
    $400 2
rogue

Ari
    $600 23
Teddy Roosevelt

Pam
    $600 7
(Pam: Who is, uh, Michael J. Fox?)

Gilda Radner

Pam
Triple Stumper
    $600 28
Nevada

Pam
    $600 11
(Ari: What is tangerine?)

peach

AriPam
    $600 18
missile

Reggie
    $600 3
colleague

Ari
    $800 24
George Washington

Triple Stumper
    $800 13
Ken Burns

Reggie
    $800 29
Dinero

Reggie
    $800 12
tea

Triple Stumper
    $800 19
pistol

Ari
    $800 4
(Reggie: What's a prologue?)

an epilogue

ReggiePam
    $1000 26
Buffalo

Triple Stumper
    $1,000 14
(Alex: [*], the man who portrayed him and won an Oscar because of that portrayal.)

Ben Kingsley

Reggie
    $1000 30
Rough & Ready

Reggie
    $1000 15
kiwi

Reggie
    $1000 20
an aircraft carrier

Ari
    $1000 10
merengue

Ari

Scores at the first commercial break (after clue 15):

Ari Reggie Pam
$1,800 $2,200 $1,200

Scores at the end of the Jeopardy! Round:

Ari Reggie Pam
$4,000 $5,200 $3,200

Double Jeopardy! Round responses

MUMMIES OF THE WORLD
(That's a traveling exhibit at the California Science Center until the end of November)
PRO ATHLETES BY NUMBER WORN
LAWYERS
LITERARY OBITUARY
SYNONYMS
THINGS ARE SLOW
    $400 21
Peru

Pam
    $400 16
thirty-two

Reggie
    $400 25
palimony

Ari
    $400 11
Dr. Jekyll

Triple Stumper
    $400 6
terror

Ari
    $400 1
your hard drive

Ari
    $800 22
Hungary

Pam
    $800 17
two

Ari
    $800 26
torts

Pam
    $800 12
(Ari: Who is Hamlet?)
...
(Alex: Hamlet's mother, yes)

Queen Gertrude

AriPam
    $800 7
fell

Ari
    $800 2
Neptune

Pam
    $1200 23
sarcophagi

Ari
    $1200 18
forty-two

Reggie
    $2,000 27
the Boston Massacre

Pam
    $1200 13
Fagin

Triple Stumper
    $1200 8
[no response from Ari]

waylay

Ari
Triple Stumper
    $1200 3
Speedy Gonzales

Ari
    $1600 24
the Thirty Years' War

Triple Stumper
    $1600 19
four

Reggie
    $1600 28
William Jennings Bryan

Triple Stumper
    $2,000 14
(Alex: [*], yes indeed, Jay Gatsby is right)

The Great Gatsby

Pam
    $1600 9
(Ari: What is rolling in dough?)

well-to-do

Ari
Triple Stumper
    $1600 4
seahorses

Triple Stumper
    $2000 30
the Ptolemaic Period

Reggie
    $2000 20
twenty-four

Reggie
    $2000 29
(Reggie: Who is Clay?)

Daniel Webster

Reggie
Triple Stumper
    $2000 15
(Reggie: Who is Long?)
(Alex: Remember this is LITERARY OBITUARY, and this was [*], based on Huey Long.)

Willie Stark

Reggie
Triple Stumper
    $2000 10
Curt

Pam
    $2000 5
Shelby Foote

Triple Stumper

Scores at the end of the Double Jeopardy! Round:

Ari Reggie Pam
$5,600 $8,400 $12,800

[wagering suggestions for these scores]

Final Jeopardy! Round responses

FAMOUS AMERICANS
AriWho was Sousa?
$4,000
ReggieWho is Souza?
$5,000
PamWho is Sousa?
$4,000
(John Philip) Sousa

Final scores:

Ari Reggie Pam
$9,600 $13,400 $16,800
3rd place: $1,000 2nd place: $2,000 New champion: $16,800

Game dynamics:

Coryat scores:

Ari Reggie Pam
$5,600 $8,400 $11,600
14 R,
4 W
14 R
(including 1 DD),
3 W
17 R
(including 2 DDs),
1 W

Combined Coryat: $25,600

The J! Archive is created by fans, for fans. The Jeopardy! game show and all elements thereof, including but not limited to copyright and trademark thereto, are the property of Jeopardy Productions, Inc. and are protected under law. This website is not affiliated with, sponsored by, or operated by Jeopardy Productions, Inc. Join the discussion at JBoard.tv.